00384nam a2200145Ia 4500008004100000040001900041041001200060082001900072100002100091245004200112260003300154300001900187650001400206850001800220131103s9999 xx 000 0 und d aLoreto College aEnglish a920/NICbLCLIB aNicholson, Helen aDeath in the morningcHelen Nicholson aLondonbLovat Dickson c1937 a157p. c 20cm. aBiography aLCLIB/920/WIC